Prvý pokus Dohoda znela: pomôžem mu a on ma bude na oplátku chrániť.

Saved in:
Bibliographic Details
Main Author Reilly, Grace
Format Electronic eBook
LanguageCzech
Published Metafora SK 2025
Edition1. elektronické vydání
Subjects
Online AccessDostupné v BOOKPORT po přihlášení pomocí eduID
ISBN978-80-8090-960-4
978-80-8090-958-1
Physical Description1 online zdroj (304 stran)

Cover

LEADER 00000nam a2200000 i 4500
001 bkp100338
003 CZ-prgp
005 20250318134827.0
006 m o d
007 cr cn
008 250318s2025 xr o 000 1 cze
020 |a 978-80-8090-960-4  |c 414 Kč  |q (online ; epub) 
020 |a 978-80-8090-958-1  |c 487 Kč  |q (print) 
040 |a Grada  |b cze  |e rda 
100 1 |a Reilly, Grace 
245 1 0 |a Prvý pokus  |b Dohoda znela: pomôžem mu a on ma bude na oplátku chrániť.  |c Grace Reilly 
250 |a 1. elektronické vydání 
264 1 |b Metafora SK  |c 2025 
300 |a 1 online zdroj (304 stran) 
336 |a text  |b txt  |2 rdacontent 
337 |a počítač  |b c  |2 rdamedia 
338 |a online zdroj  |b cr  |2 rdacarrier 
520 3 |a Dohoda znela: pomôžem mu a on ma bude na oplátku chrániť 
650 0 4 |a Beletrie 
650 0 4 |a Romantika, romány pro ženy 
650 0 4 |a Young Adult, New Adult 
856 4 0 |u https://www.bookport.cz/AccountSaml/SignIn/?idp=https://shibboleth.utb.cz/idp/shibboleth&returnUrl=/kniha/prvy-pokus-14678/  |y Dostupné v BOOKPORT po přihlášení pomocí eduID